[Event "Dos Hermanas-D"]
[Site "Dos Hermanas"]
[Date "2005.04.01"]
[Round "1"]
[White "Jimenez Romero, Jose Antonio"]
[Black "Diaz Castro, Sergio"]
[Result "0-1"]
[WhiteElo "2095"]
[BlackElo "2252"]
[PlyCount "70"]
[EventDate "2005.04.01"]
[EventType "tourn"]
[EventRounds "9"]
[EventCountry "ESP"]
[SourceTitle "CBM 105 Extra"]
[Source "ChessBase"]
[SourceDate "2005.05.01"]
[SourceVersion "1"]
[SourceVersionDate "2005.05.01"]
[SourceQuality "1"]

1. b3 e5 2. Bb2 d6 3. g3 f5 4. Bg2 Nf6 5. e3 Be7 6. c4 0-0 7. Ne2 c6 8. Nbc3 d5 9. cxd5 cxd5 10. d4 e4 11. 0-0 Nc6 12. a3 Be6 13. Nf4 Bf7 14. h4 Bd6 15. Rc1 h6 16. Nh3 Ng4 17. Re1 g5 18. hxg5 hxg5 19. Bf1 Qf6 20. Kg2 Qh6 21. Be2 Qxh3+ 22. Kxh3 Nxf2+ 23. Kg2 Nxd1 24. Nxd1 Kg7 25. Rh1 Rh8 26. Nf2 Rac8 27. b4 Rxh1 28. Nxh1 f4 29. gxf4 gxf4 30. exf4 Bxf4 31. Rc3 Kf6 32. Kf2 Rh8 33. Ng3 Rh2+ 34. Ke1 Nxd4 35. Kd1 Ke7 0-1